Obálka Náhled e-knihy:
PDF Epub
Pro půjčování e-knih musíte být přihlášeni.
Jak si půjčit online?

Kouzelné štěňátko. Školní slavnost /

Další příběh o přátelství mezi děvčátkem a kouzelným štěňátkem, které je ve skutečnosti mladým vlkem z jiného světa.

Uloženo v:
Série:Kouzelné štěňátko, část 4
Hlavní autor: Bentley, Sue, 1951- (Autor)
Další autoři: Swan, Angela, 1982- (Autor), Ťulpíková, Petra (Ilustrátor)
Médium: E-kniha
Jazyk:Czech
Vydáno: V Praze : Fragment, 2023
Vydání:1. vydání
Témata:
Příbuzné jednotky:Z cyklu:: Kouzelné štěňátko
Tagy:
Žádné tagy
LEADER 02699nam a2200529 i 4500
001 312152
003 CZ PrSKC
005 20260601215717.0
007 ta
008 231024s2023 xr a b 000 j cze
015 |a cnb003562570 
020 |a 9788025365557  |q (vázáno) :  |c Kč 199,00 
035 |a (OCoLC)1412782277 
040 |a ABG001  |b cze  |e rda 
041 1 |a cze  |h eng 
072 7 |a 821.111-3  |x Anglická próza, anglicky psaná  |2 Konspekt 
072 7 |a 821-93  |x Literatura pro děti a mládež (beletrie)  |2 Konspekt 
080 |a 821.111-32  |2 MRF 
080 |a 821-93  |2 MRF 
080 |a (0:82-32)  |2 MRF 
100 1 |a Bentley, Sue,  |d 1951-  |7 jo2008479178  |4 aut 
240 1 0 |a Classroom princess.  |l Česky 
245 1 0 |a Kouzelné štěňátko.  |p Školní slavnost /  |c Sue Bentleyová ; ilustrovala Angela Swanová ; z anglického originálu Magic puppy - Classroom princess ... přeložila Petra Ťulpíková 
246 3 0 |a Školní slavnost 
250 |a 1. vydání 
264 1 |a V Praze :  |b Fragment,  |c 2023 
300 |a 118 stran :  |b ilustrace ;  |c 20 cm 
336 |a text  |b txt  |2 rdacontent 
337 |a bez média  |b n  |2 rdamedia 
338 |a svazek  |b nc  |2 rdacarrier 
500 |a Na hřbetu označení: 12 
520 2 |a Další příběh o přátelství mezi děvčátkem a kouzelným štěňátkem, které je ve skutečnosti mladým vlkem z jiného světa.  |b Plachá Kelsey žila až donedávna jen se svým tatínkem. Teď si ale musí zvykat na jeho novou přítelkyni, a hlavně na její dcery - ztřeštěná dvojčata, která jí dávají pořádně zabrat. Všechno nabere trochu jiný směr, když se v zahradním altánku objeví malé chundelaté štěně jménem Hrom. Nakladatelská anotace. Kráceno. 
521 8 |a Pro děti od 5 let 
655 7 |a anglické příběhy  |7 fd131813  |2 czenas 
655 7 |a publikace pro děti  |7 fd133156  |2 czenas 
655 9 |a English stories  |2 eczenas 
655 9 |a children's literature  |2 eczenas 
700 1 |a Swan, Angela,  |d 1982-  |7 ola2018992819  |4 ill 
700 1 |a Ťulpíková, Petra  |7 kv2010540408  |4 trl 
765 1 |t Magic puppy 
787 0 8 |i Z cyklu:  |t Kouzelné štěňátko  |g 4 
900 |a ABA001  |b 20 
928 9 |a Albatros Media - Fragment 
044 |a xr 
910 |a RBIT002 
998 |d 389850  |a https://core.palmknihy.cz/api/books/389850/cover?si6jbo  |b https://core.palmknihy.cz/api/books/389850/cover/400?si6jbo  |c https://core.palmknihy.cz/api/books/389850/cover/50?si6jbo  |e 2027-10-19  |g 120  |i 9788025365557  |j https://core.palmknihy.cz/api/books/389850/preview.epub  |k https://core.palmknihy.cz/api/books/389850/preview.pdf  |l   |q 49  |r 1  |s https://www.palmknihy.cz/kniha/389850  |t ebook  |y 2023  |z 0  |v Kouzelné štěňátko  |w 3 
999 |d 312150